LEADER 01245nam a2200241 u 4500 001 000000018005 003 CaOOAMICUS 005 20070226110627.0 008 941220s1931 gw u000 u ger u 035 $a10420343 040 $aPUL(R)$bita 100 1 $aKlostermann, Erich,$d1870-1963.$0(OLS)http://pul/name/12688 245 10$aZur überlieferung der Matthäuserklärung des Origenes /$cvon E. Klostermann und E. Benz. 260 $aLeipzig :$bJ. C. Hinrichs,$c1931. 300 $avii, [1], 136, 32 p. ;$c23 cm 490 1 $aTexte und Untersuchungen zur Geschichte der altchristlichen Literatur ;$v4. reihe, 2 bd., 2 hft. (47. bd., 2 hft.) 500 $a"Synoptische tabelle und register der katenenfragmente": 32 p. at end. 830 0$aTexte und Untersuchungen zur Geschichte der altchristlichen Literatur ;$v4. reihe, 2 bd., 2 hft. (47. bd., 2 hft.).$0(OLS)http://pul/title/1074 850 $aPUL 852 $aPUL$W1$xSL Religione 1$y3$m24 I 47(Int.2)$j25360$nBK-PRI$b $qStampati$B25360$CPULBib$Z2$F25360 $H $81 941 1 $a8 996 $6245$aZur überlieferung der Matthäuserklärung des Origenes$9(OLS)http://pul/title/25729 996 $6260$aLeipzig :$bJ. C. Hinrichs$9(OLS)http://pul/publisher/48889 LEADER 00982nam a2200241 u 4500 001 000000064366 003 CaOOAMICUS 005 20091201115611.0 008 011119s1921 gw cf u000 u ger u 035 $a10910277 040 $aPUL(R)$bita 245 04$aDie deutsche Philosophie der Gegenwart in Selbstdarstellungen /$cherausgegeben von Raymund Schmidt. 260 $aLeipzig :$bMeiner,$c1921. 300 $av. <2 > :$britr. ;$c23 cm 504 $aBibliografia in nota. 650 4$aFilosofia$zGermania.$0(OLS)http://pul/subject/20236 700 1 $aSchmidt, Raymund.$0(OLS)http://pul/name/19404 850 $aPUL 852 $aPUL$W1$xDP2 Filosofia 1$y62$m84 F 22$j83447$nBK-PRI$b $qStampati$B83447$CPULBib$Z2$F83447 $81 941 1 $a8 961 $aTimbri: Bibliotheca P. Athenaeum Seminarii Rom. 996 $6245$aDie deutsche Philosophie der Gegenwart in Selbstdarstellungen$9(OLS)http://pul/title/85771 996 $6260$aLeipzig :$bMeiner$9(OLS)http://pul/publisher/69709